00363nam a2200157Ia 4500003000900000008004100009040001300050040001300063100002400076245004900100250001100149260001300160300000800173490000700181600001700188IT-RoPAU120407s9999 xx 000 0 und d aIT-RoPAU cIT-RoPAU aG. M. L. Monsabré aEsposizione del Dogma Cattolico (conferenze) aTorino aMarietti c cm v18 aalcuni doppi